Земельные реформы начала и конца XX века в России: монография

Bibliographic Details
Main Author: Волгирева Г. П. Галина Павловна
Corporate Author: Национальный исследовательский Томский политехнический университет (ТПУ)
Other Authors: Пасько О. А. Ольга Анатольевна
Summary:В монографии описаны начало, ход и итоги Столыпинской реформы в России, ставшей, по сути, национальным проектом. Проанализированы различные стороны механизма ее обеспечения (экономика, законодательство, механизмы управления земельными ресурсами и государственного регулирования хода реформы и т.д.). Значительное внимание уделено земельным отношениям. Проведен анализ архивных д кументов, в том числе статистических данных, указаний, писем. Рассмотрены вопросы управления земельными ресурсами на федеральном и региональном уровнях (Томская губерния, Пермский край). Описан механизм организации и сбора стати­стически достоверной информации и подготовки кадров. Проведены исторические параллели между реформами начала и конца XX века. Сделан вывод об историче­ской ретроспекции подходов.Книга предназначена для специалистов землеустроительных направлений, ис­ториков, экономистов, руководителей органов государственного управления различ­ных уровней, работников агропромышленного комплекса и т.д. Будет полезна уче­ным, аспирантам, студентам, желающим ознакомиться с опытом развития российско­го землепользования и землеустройства.
Language:Russian
Published: Томск, Изд-во ТПУ, 2014
Subjects:
Format: Book
KOHA link:https://koha.lib.tpu.ru/cgi-bin/koha/opac-detail.pl?biblionumber=302136

MARC

LEADER 00000nam0a2200000 4500
001 302136
005 20231102001454.0
010 |a 9785438704515 
035 |a (RuTPU)RU\TPU\book\327333 
090 |a 302136 
100 |a 20150819d2014 k y0rusy50 ca 
101 0 |a rus 
102 |a RU 
105 |a a z 001zy 
200 1 |a Земельные реформы начала и конца XX века в России  |e монография  |f Г. П. Волгирева, О. А. Пасько  |g Национальный исследовательский Томский политехнический университет (ТПУ) 
210 |a Томск  |c Изд-во ТПУ  |d 2014 
215 |a 199 с.  |c ил. 
320 |a Библиогр.: с. 165-172. 
330 |a В монографии описаны начало, ход и итоги Столыпинской реформы в России, ставшей, по сути, национальным проектом. Проанализированы различные стороны механизма ее обеспечения (экономика, законодательство, механизмы управления земельными ресурсами и государственного регулирования хода реформы и т.д.). Значительное внимание уделено земельным отношениям. Проведен анализ архивных д кументов, в том числе статистических данных, указаний, писем. Рассмотрены вопросы управления земельными ресурсами на федеральном и региональном уровнях (Томская губерния, Пермский край). Описан механизм организации и сбора стати­стически достоверной информации и подготовки кадров. Проведены исторические параллели между реформами начала и конца XX века. Сделан вывод об историче­ской ретроспекции подходов.Книга предназначена для специалистов землеустроительных направлений, ис­ториков, экономистов, руководителей органов государственного управления различ­ных уровней, работников агропромышленного комплекса и т.д. Будет полезна уче­ным, аспирантам, студентам, желающим ознакомиться с опытом развития российско­го землепользования и землеустройства. 
606 1 |a Аграрная реформа  |2 stltpush  |3 (RuTPU)RU\TPU\subj\35817  |9 57406 
610 1 |a труды учёных ТПУ 
610 1 |a земельные реформы 
610 1 |a земельные ресурсы 
610 1 |a Россия 
610 1 |a 20 век 
610 1 |a история 
610 1 |a земельная политика 
610 1 |a земельно-имущественные отношения 
610 1 |a земельная собственность 
610 1 |a финансовая поддержка 
610 1 |a крестьяне 
610 1 |a крестьянские реформы 
610 1 |a землеустроительные реформы 
610 1 |a землеустройство 
610 1 |a статистика 
610 1 |a сельскохозяйственная перепись 
610 1 |a столыпинская аграрная реформа 
610 1 |a столыпинские реформы 
610 1 |a монографии 
610 1 |a Томская губерния 
686 |a У9(2)32  |v LBC/SL-A  |2 rubbk 
700 1 |a Волгирева  |b Г. П.  |g Галина Павловна 
701 1 |a Пасько  |b О. А.  |c биолог  |c профессор Томского политехнического университета, доктор сельскохозяйственных наук  |f 1957-  |g Ольга Анатольевна  |2 stltpush  |3 (RuTPU)RU\TPU\pers\29381 
712 0 2 |a Национальный исследовательский Томский политехнический университет (ТПУ)  |c (2009- )  |2 stltpush  |3 (RuTPU)RU\TPU\col\15902 
801 1 |a RU  |b 63413507  |c 20150819 
801 2 |a RU  |b 63413507  |c 20150904  |g RCR 
900 |a Землеустройство 
942 |c BK